| 000 | 00346nam a2200133Ia 4500 | ||
|---|---|---|---|
| 008 | 220204s9999 xx 000 0 und d | ||
| 082 |
_a678.027.74 _bDEV.1 |
||
| 245 | 0 | _aDevelopments in injection moulding . V 1. | |
| 260 |
_aLondon _bApplied _c1978 |
||
| 650 | _aInjection moulding | ||
| 700 | _aCraft, J L | ||
| 700 | _aWhelan, A | ||
| 942 | _cBK | ||
| 999 |
_c36573 _d36573 |
||